000 00940nam a2200289Ia 4500
003 OSt
005 20220918171959.0
006 a|||||r|||| 00| 0
007 ta
008 220917b |||||||| |||| 00| 0 eng d
020 _a9788193926963 (hbk)
_cINR 995.00
024 _a354,175
037 _b9252, 29/12/2021, The Book Seller
_cTextual
040 _aARTS
_cARTS
_beng
041 _2eng
_aeng
082 _aX:9F.2, R0
100 _aSwaminathan Madhura Ed.
_939673
245 0 _aWomen and work in rural India
260 _aNew Delhi
_bTulika Books India
_c2020
300 _axviii,381p.
_ccm.
490 _aAgrarian studies; 6
650 _aECONOMICS
700 _a Nagbhushan Shruti Ed.
_939674
700 _a V. K. Ramachandran Ed.
_939675
942 _hX:9F.2, R0
_cTEXL
_2CC
999 _c142137
_d142137